[Event "JUG-Cup (Women)"]
[Site "Pula"]
[Date "1989.??.??"]
[Round "?"]
[White "Maric, Alisa"]
[Black "Puljek Salai, Zorica"]
[Result "1-0"]
[WhiteElo "2365"]
[BlackElo "2210"]

1.Nf3 Nf6 2.c4 e6 3.g3 b6 4.Bg2 Bb7 5.O-O c5 6.Nc3 Be7 7.d4 cxd4 8.Qxd4 d6
9.Rd1 a6 10.Bg5 Nbd7 11.Nd2 Bxg2 12.Kxg2 Nc5 13.b4 Nb7 14.Nde4 O-O 15.Nxf6+ Bxf6
16.Bxf6 Qxf6 17.Qxf6 gxf6 18.Ne4 b5 19.Nxf6+ Kg7 20.Nd7 Rfd8 21.Nb6 Rab8
22.a4 bxc4 23.Nxc4 d5 24.Ne5 Rbc8 25.Rdc1 Nd6 26.Rab1 Ne4 27.Rxc8 Rxc8 28.Rb2 Nc3
29.Rc2 d4 30.e3 f6 31.Nd3 e5 32.exd4 exd4 33.a5 Rd8 34.Nc5 Kf7 35.Kf3 Rd6
36.Rd2 f5 37.Nb3 Nb5 38.Nc5 Nc3 39.h3 Kf6 40.Nb3 Ke5 41.g4 fxg4+ 42.Kxg4 Ne4
43.f4+ Kf6 44.Rxd4 Re6 45.Nc5  1-0

[Event "Reykjavik"]
[Site "Reykjavik"]
[Date "1989.??.??"]
[Round "?"]
[White "Sigfusson, Sigurdur"]
[Black "Tisdall, Jonathan D"]
[Result "1/2-1/2"]
[WhiteElo "2310"]
[BlackElo "2460"]

1.Nf3 c5 2.c4 Nf6 3.g3 b6 4.Bg2 Bb7 5.O-O e6 6.Nc3 Be7 7.e3 O-O 8.b3 d5 9.cxd5 exd5
10.d4 Na6 11.Bb2 Re8 12.Rc1 Ne4 13.Nd2 Bf6 14.Ndxe4 dxe4 15.Qg4 Qe7 16.Ba3 Rac8
17.Rfd1 g6 18.dxc5 h5 19.Qd7 Nxc5  1/2-1/2

[Event "Slupsk"]
[Site "Slupsk"]
[Date "1989.??.??"]
[Round "4"]
[White "Maslanka, Robert"]
[Black "Pisulinski, Jan"]
[Result "1/2-1/2"]
[WhiteElo "2315"]
[BlackElo "2400"]

1.Nf3 Nf6 2.c4 c5 3.g3 b6 4.Bg2 Bb7 5.O-O e6 6.Nc3 d6 7.d4 cxd4 8.Qxd4 a6
9.Rd1 Be7 10.Ng5 Bxg2 11.Kxg2 O-O 12.b3 Qc7 13.Bb2 Rd8 14.Rac1 Qb7+ 15.Kg1 b5
16.Qd3 h6 17.Nf3 bxc4 18.Qxc4 Nbd7 19.Na4 Rac8 20.Qf4 d5 21.Rxc8 Rxc8 22.Rc1 Ne4
23.Rxc8+ Qxc8 24.Qc1 Qb7 25.Qc2 Bf6 26.Bxf6 Ndxf6 27.Nd2 Qb4 28.Nxe4 Qe1+
29.Kg2 Nxe4 30.e3 h5 31.Qc8+ Kh7 32.Qc2 h4 33.Nc5 h3+ 34.Kxh3 Qf1+ 35.Kg4 f5+
36.Kf4 g5+ 37.Ke5 Qa1+ 38.Kxe6 Qf6+ 39.Kd7 Qd6+ 40.Kc8 Nxc5 41.Qxf5+ Kh6
42.h4 Qc6+ 43.Kd8 Qd6+  1/2-1/2

[Event "BUL-ch"]
[Site "Sofia"]
[Date "1989.??.??"]
[Round "14"]
[White "Simeonov, Stefan"]
[Black "Danailov, Silvio"]
[Result "1/2-1/2"]
[WhiteElo "2335"]
[BlackElo "2385"]

1.Nf3 Nf6 2.c4 c5 3.g3 b6 4.Bg2 Bb7 5.O-O e6 6.Nc3 d6 7.d4 cxd4 8.Qxd4 a6
9.Rd1 Be7 10.b3 Nbd7 11.Ba3  1/2-1/2

[Event "JUG-ch (Women)"]
[Site "Split"]
[Date "1989.??.??"]
[Round "4"]
[White "Vujic Katanic, Branka"]
[Black "Puljek Salai, Zorica"]
[Result "1/2-1/2"]
[WhiteElo "2210"]
[BlackElo "2210"]

1.Nf3 Nf6 2.c4 c5 3.g3 b6 4.Bg2 Bb7 5.O-O e6 6.Nc3 Be7 7.d4 cxd4 8.Qxd4 d6
9.Rd1 a6 10.b3 Nbd7 11.e4 O-O 12.Ba3 Nc5 13.e5 dxe5 14.Qxd8 Rfxd8 15.Nxe5 Bxg2
16.Kxg2 Bf8 17.Rxd8  1/2-1/2

[Event "Sverdlovsk"]
[Site "Sverdlovsk"]
[Date "1989.??.??"]
[Round "?"]
[White "Horvath, Csaba"]
[Black "Zhidkov, Valery S"]
[Result "1/2-1/2"]
[WhiteElo "2470"]
[BlackElo "2460"]

1.Nf3 Nf6 2.c4 e6 3.g3 b6 4.Bg2 Bb7 5.O-O c5 6.b3 Be7 7.Bb2 O-O 8.Nc3 a6
9.e3 d5 10.cxd5 Nxd5 11.Nxd5 Bxd5 12.d4 Nd7 13.Rc1 Qb8 14.dxc5 Nxc5  1/2-1/2

[Event "SWZ-ch int"]
[Site "?"]
[Date "1989.??.??"]
[Round "6"]
[White "Summermatter, Daniel"]
[Black "Ioseliani, Nana"]
[Result "1/2-1/2"]
[WhiteElo "2385"]
[BlackElo "2470"]

1.Nf3 c5 2.c4 Nf6 3.g3 b6 4.Bg2 Bb7 5.O-O e6 6.Nc3 Be7 7.b3 O-O 8.Bb2 d6
9.e3 Nbd7 10.Qe2 a6 11.Rfd1 Rb8 12.d4 cxd4 13.exd4 b5 14.Rac1 bxc4 15.bxc4 Qa5
16.Ba1 Rfc8 17.d5  1/2-1/2

[Event "Tapolca"]
[Site "Tapolca"]
[Date "1989.??.??"]
[Round "?"]
[White "Nemeth, Zoltan"]
[Black "Busch, Klaus"]
[Result "0-1"]
[WhiteElo "2355"]
[BlackElo "2255"]

1.Nf3 c5 2.g3 b6 3.c4 Nf6 4.Bg2 Bb7 5.O-O e6 6.Nc3 d6 7.d4 cxd4 8.Qxd4 a6
9.b3 Nbd7 10.e4 Qc7 11.Rd1 Rc8 12.Ba3 Nc5 13.e5 dxe5 14.Qxe5 Ncd7 15.Qxc7 Rxc7
16.Bxf8 Rxf8 17.Rd3 Ke7 18.Re1 Rfc8 19.Nd4 Bxg2 20.Kxg2 Kf8 21.Na4 e5 22.Nf5 b5
23.Nb2 e4 24.Rd6 Ne5 25.Ne3 Rc6 26.Red1 g6 27.h3 h5 28.Rxc6 Rxc6 29.Nd5 Nxd5
30.Rxd5 bxc4 31.bxc4 Nxc4 32.Nxc4 Rxc4 33.Ra5 Rc6 34.Kf1 Ke7 35.Ke2 f5 36.Ke3 Kf6
37.Kf4 g5+ 38.Ke3 Rd6 39.Ra3 Ke5 40.Ra5+ Kf6 41.Ra3 Ke5 42.Ra5+ Rd5 43.Rxa6 f4+
44.gxf4+ gxf4+ 45.Ke2 f3+ 46.Ke1 Rb5 47.Ra8 Rb1+ 48.Kd2 Rb2+ 49.Ke1 Rb1+
50.Kd2 Rb2+ 51.Ke1 Re2+ 52.Kf1 Kf4 53.a4 Ra2 54.Ke1 Re2+ 55.Kf1 Ra2 56.Ke1 Kg5
57.Ra6 Kh4 58.Ra5 Re2+ 59.Kf1 Rb2 60.Ke1 Ra2 61.Re5 Rxa4 62.Kd2 Ra2+ 63.Ke3 Re2+
64.Kf4 Kxh3 65.Rg5 h4 66.Rg8 Re1 67.Rg7 Kh2 68.Rg8 h3 69.Rg7 Kh1 70.Rh7 Kg2  0-1

[Event "URS-ch U26"]
[Site "Tbilisi"]
[Date "1989.??.??"]
[Round "?"]
[White "Neverov, Valeriy"]
[Black "Savchenko, Stanislav"]
[Result "1/2-1/2"]
[WhiteElo "2430"]
[BlackElo "2480"]

1.c4 c5 2.Nf3 Nf6 3.g3 b6 4.Bg2 Bb7 5.O-O e6 6.Nc3 Be7 7.d4 cxd4 8.Nxd4 Bxg2
9.Kxg2 Qc8 10.Qd3 Nc6 11.Nxc6 Qxc6+  1/2-1/2

[Event "Teneriffe"]
[Site "Teneriffe"]
[Date "1989.??.??"]
[Round "?"]
[White "Solana Suarez, Ernesto"]
[Black "Villavicencio, Adalberto"]
[Result "1/2-1/2"]
[WhiteElo "2275"]
[BlackElo "2325"]

1.Nf3 c5 2.g3 b6 3.Bg2 Bb7 4.O-O Nf6 5.c4 e6 6.Nc3 Be7 7.d4 cxd4 8.Nxd4 Bxg2
9.Kxg2 Qc8 10.Qd3 Qb7+ 11.Qf3 Qxf3+ 12.Kxf3 Nc6 13.Nxc6 dxc6 14.Bf4 O-O 15.Rfd1 Rfd8
16.Bc7 Rxd1 17.Rxd1 Rc8 18.Bd6 Kf8 19.Bxe7+ Kxe7 20.Ne4 Nxe4 21.Kxe4 c5  1/2-1/2

[Event "Val Thorens op2"]
[Site "Val Thorens"]
[Date "1989.??.??"]
[Round "6"]
[White "Szekely, Peter"]
[Black "Prie, Eric"]
[Result "1/2-1/2"]
[WhiteElo "2420"]
[BlackElo "2335"]

1.Nf3 c5 2.c4 Nf6 3.g3 b6 4.Bg2 Bb7 5.O-O e6 6.Nc3 d6 7.d4 cxd4 8.Qxd4 a6
9.Rd1 Nbd7 10.Bg5 Be7 11.Nd2 Bxg2  1/2-1/2

[Event "Yerevan"]
[Site "Yerevan"]
[Date "1989.??.??"]
[Round "?"]
[White "Csom, Istvan"]
[Black "Dokhoian, Yury"]
[Result "1/2-1/2"]
[WhiteElo "2545"]
[BlackElo "2575"]

1.c4 Nf6 2.Nf3 c5 3.g3 b6 4.Bg2 Bb7 5.O-O e6 6.Nc3 a6 7.d4 cxd4 8.Qxd4 d6
9.Rd1 Nbd7 10.Ng5 Bxg2 11.Kxg2 Rc8 12.Nge4 Rc6 13.Nxf6+ Nxf6 14.Bg5 Be7 15.Ne4 O-O
16.Nxf6+ Bxf6 17.Qe4 Rc7 18.Bxf6 Qxf6 19.Rd4 Rxc4 20.Rxc4 d5 21.Qe3 dxc4
22.Qxb6 Qe5 23.Rc1 a5 24.Kf1 h5 25.Rxc4  1/2-1/2

[Event "Zenica"]
[Site "Zenica"]
[Date "1989.??.??"]
[Round "8"]
[White "Cvitan, Ognjen"]
[Black "Mascarinas, Rico"]
[Result "1/2-1/2"]
[WhiteElo "2525"]
[BlackElo "2465"]

1.Nf3 Nf6 2.c4 c5 3.g3 b6 4.Bg2 Bb7 5.O-O e6 6.Nc3 d6 7.d4 cxd4 8.Qxd4 a6
9.Bg5 Nbd7 10.Nd2 Bxg2 11.Kxg2 Qc7 12.Rfd1 Be7 13.Nde4 O-O 14.Rac1 Rfd8 15.f3 h6
16.Be3 Rab8 17.b3 Nc5 18.b4 Ncxe4 19.Nxe4 Nxe4 20.Qxe4 Bf8 21.Bf4 Qb7 22.Qxb7 Rxb7
23.c5 bxc5 24.bxc5 Rc7  1/2-1/2

[Event "Zenica"]
[Site "Zenica"]
[Date "1989.??.??"]
[Round "10"]
[White "Vukic, Milan"]
[Black "Mascarinas, Rico"]
[Result "1/2-1/2"]
[WhiteElo "2495"]
[BlackElo "2465"]

1.Nf3 c5 2.c4 Nf6 3.g3 b6 4.Bg2 Bb7 5.O-O e6 6.b3 Be7 7.Bb2 O-O 8.e3 d5 9.Nc3 Nbd7
10.Qe2 Rc8 11.Rfd1 Qc7 12.Rac1 Qb8 13.cxd5 Nxd5 14.Nxd5 Bxd5 15.d4  1/2-1/2

[Event "JUG-chT"]
[Site "Zlatibor"]
[Date "1989.??.??"]
[Round "?"]
[White "Vucicevic, Moma"]
[Black "Ostojic, Nikola"]
[Result "0-1"]
[WhiteElo "2320"]
[BlackElo "2265"]

1.Nf3 Nf6 2.c4 e6 3.g3 b6 4.Bg2 Bb7 5.O-O c5 6.b3 Be7 7.Bb2 O-O 8.e3 d5 9.Nc3 Nbd7
10.d3 Qc7 11.Qe2 Rfd8 12.Ne1 Rac8 13.f4 Qb8 14.Nf3 Qa8 15.h3 Bf8 16.g4 Nb8
17.Nd1 Ne8 18.Nf2 Nc6 19.cxd5 exd5 20.Nh4 Qb8 21.g5 d4 22.Ne4 dxe3 23.Qxe3 Nd4
24.Bxd4 cxd4 25.Qf3 Nd6 26.f5 Nxe4 27.dxe4 Rc3 28.Qh5 Qe5 29.Nf3 Qxe4 30.Rae1 Re3
31.Nh4 Qe5 32.Rxe3 Qxe3+ 33.Rf2 Bxg2 34.Nxg2 Qc1+ 35.Rf1 Qc5 36.g6 d3+ 37.Kh1 hxg6
38.Qh4 Be7 39.Qe4 gxf5 40.Rxf5 d2  0-1

[Event "JUG-chT"]
[Site "Zlatibor"]
[Date "1989.??.??"]
[Round "?"]
[White "Vukovic, Ivo"]
[Black "Zelic, Zdravko"]
[Result "1/2-1/2"]
[WhiteElo "2320"]
[BlackElo "2395"]

1.Nf3 Nf6 2.g3 b6 3.Bg2 Bb7 4.O-O c5 5.c4 e6 6.Nc3 Be7 7.d4 cxd4 8.Qxd4 O-O
9.b3 a6 10.Bb2 d6 11.Rfd1 Nbd7 12.Ne1 Qc7 13.Rac1 Bxg2 14.Nxg2 Qb7 15.Ne3 Rfd8
16.Rc2 Bf8 17.Ng4 b5 18.Nxf6+ Nxf6 19.Nb1 Nd7 20.Qg4 Nc5 21.h4 h6 22.Qf3 Qxf3
23.exf3 bxc4 24.Rxc4 d5 25.Rc2 a5 26.Bd4 Nd7 27.f4 a4 28.Nd2 Ba3 29.bxa4 Rxa4
30.Nf3 Nf6 31.Rb1 Rc4 32.Re2 Ne4 33.Rb7 Nd6 34.Rb3 Ra8 35.Be5 Nf5 36.Kg2 Bc5
37.Rb8+ Rxb8 38.Bxb8 d4 39.Ne5 Rc3 40.Rd2 f6 41.Nf3 h5 42.a4 Ra3 43.Rc2 Be7
44.Bc7 Rxa4 45.Bb6 Rb4 46.Ba7 d3 47.Rd2 Rb3 48.Nd4 Nxd4 49.Bxd4 Bb4 50.Rd1 Kf7
51.Kf3 Kg6 52.Ke4 d2 53.Be3 Rb2 54.Kd3 Kf5 55.Bxd2 Rxd2+ 56.Rxd2 Bxd2 57.Kxd2 Ke4
58.Ke2 Kd4 59.Kd2 Ke4 60.Ke2 g6 61.f3+ Kd4 62.Kd2  1/2-1/2

[Event "JUG-chT"]
[Site "Zlatibor"]
[Date "1989.??.??"]
[Round "?"]
[White "Cvitan, Ognjen"]
[Black "Dizdarevic, Emir"]
[Result "1/2-1/2"]
[WhiteElo "2515"]
[BlackElo "2495"]

1.Nf3 Nf6 2.c4 c5 3.g3 b6 4.Bg2 Bb7 5.O-O e6 6.b3 d6 7.Bb2 Be7 8.Nc3 Nbd7
9.e3 O-O 10.Qe2 a6 11.Rfd1 Ra7 12.e4 Ne5 13.d4 Nxf3+ 14.Bxf3 cxd4 15.Rxd4 Qb8
16.Rad1  1/2-1/2

[Event "Zug"]
[Site "Zug"]
[Date "1989.??.??"]
[Round "?"]
[White "Brunner, Lucas"]
[Black "Ballmann, Martin"]
[Result "1/2-1/2"]
[WhiteElo "2505"]
[BlackElo "2270"]

1.Nf3 c5 2.c4 b6 3.g3 Bb7 4.Bg2 Nf6 5.O-O e6 6.Nc3 Be7 7.b3 O-O 8.Bb2 d6
9.e3 Nbd7 10.Qe2 Ne4 11.Nxe4 Bxe4 12.d3 Bb7 13.e4 Bf6 14.d4 cxd4 15.Nxd4 a6
16.Rfd1 Qc7 17.Rac1 Rfd8 18.Rc2 Rac8 19.Qe1 Nc5 20.Re2 Qb8 21.Ba1 Qa8 22.h3 b5
23.cxb5 axb5 24.f3 Qb8 25.Kh2 e5 26.Nf5 d5 27.exd5 Rxd5 28.Rxd5 Bxd5 29.Rd2 Rd8
30.Qd1 Be6 31.Ne3 Rxd2 32.Qxd2 Be7 33.Nd5 Bd6 34.Bc3 Nd7 35.Nb4 f6 36.Nd5 Kf8
37.Bf1 Nb6 38.Nb4 Nc8 39.Qd3 Qa7 40.Kg2 Kf7 41.Qxh7  1/2-1/2

[Event "Aarhus int-B"]
[Site "Aarhus"]
[Date "1990.??.??"]
[Round "6"]
[White "Pedersen, E."]
[Black "Bernei, Andras"]
[Result "1/2-1/2"]
[WhiteElo "2415"]
[BlackElo "2330"]

1.c4 Nf6 2.Nf3 e6 3.g3 b6 4.Bg2 Bb7 5.O-O c5 6.Nc3 Be7 7.Re1 d6 8.e4 h6 9.d4 cxd4
10.Nxd4 Qc7 11.Be3 Nbd7 12.f4 O-O 13.Rc1 Rac8 14.f5 e5 15.Nd5 Qd8 16.Nb3 Nxd5
17.cxd5 Bg5 18.Qd2 Bxe3+ 19.Qxe3 a6 20.Rxc8 Qxc8 21.f6 Nc5 22.Nd2 a5 23.Nf3 Qg4
24.Nh4  1/2-1/2

[Event "Adelaide op"]
[Site "Adelaide"]
[Date "1990.??.??"]
[Round "9"]
[White "Aladjova, Katrin"]
[Black "Danailov, Silvio"]
[Result "1/2-1/2"]
[WhiteElo "2105"]
[BlackElo "2460"]

1.Nf3 b6 2.c4 c5 3.g3 Bb7 4.Bg2 Nf6 5.O-O e6 6.d4 cxd4 7.Nxd4 Bxg2 8.Kxg2 Qc8
9.b3 Be7 10.e3 Qb7+ 11.Qf3 Qxf3+ 12.Nxf3  1/2-1/2

[Event "Bad Wildbad"]
[Site "Bad Wildbad"]
[Date "1990.??.??"]
[Round "4"]
[White "Vogt, Lothar"]
[Black "Stangl, Markus"]
[Result "1/2-1/2"]
[WhiteElo "2505"]
[BlackElo "2435"]

1.Nf3 Nf6 2.g3 b6 3.Bg2 Bb7 4.c4 c5 5.O-O e6 6.Nc3 Be7 7.b3 d5 8.cxd5 Nxd5
9.Nxd5 Bxd5 10.Bb2 O-O 11.Rc1 Nd7 12.d4 Rc8 13.Qd3 cxd4 14.Bxd4 Nc5 15.Qe3 Qd7
16.Ne5 Qb7 17.Bxd5 Qxd5 18.Rcd1 Qb7 19.b4 Na6 20.b5 Nb8 21.Ng4 Bc5 22.Qg5 Bxd4
23.Rxd4 f6 24.Qd2 a6 25.bxa6 Nxa6 26.Rd7 Rc7 27.Rd8 Nc5 28.Rxf8+ Kxf8 29.Qd8+ Kf7
30.Rd1 Rd7 31.Rxd7+ Nxd7 32.Ne3 Qc6 33.h4 Ne5 34.Qd2  1/2-1/2

[Event "Baden-Baden op"]
[Site "Baden-Baden"]
[Date "1990.??.??"]
[Round "1"]
[White "Schuh, Hubert"]
[Black "Alexandria, Nana"]
[Result "0-1"]
[WhiteElo "2370"]
[BlackElo "2345"]

1.Nf3 c5 2.c4 Nf6 3.g3 b6 4.Bg2 Bb7 5.O-O e6 6.Nc3 a6 7.d4 cxd4 8.Qxd4 d6
9.b3 Nbd7 10.Ba3 Nc5 11.b4 Ncd7 12.Rfd1 Be7 13.Ng5 Bxg2 14.Kxg2 O-O 15.Nge4 Ne8
16.b5 axb5 17.Bxd6 Nxd6 18.Nxd6 Bf6 19.Qd2 b4 20.Nde4 bxc3 21.Qxd7 Qxd7 22.Rxd7 Rfc8
23.Rb7 Be5 24.f4 Rxc4 25.fxe5 Rxe4 26.Kf3 Rxe5 27.Rxb6 Rc5 28.Rb3 g5 29.a3 h5
30.Rc1 c2 31.Ke3 Rd8 32.Rd3 Rxd3+ 33.exd3 Rc3 34.a4 Kg7 35.a5 Kg6 36.Ke4 Rc5
37.a6 Ra5 38.Rxc2 Rxa6 39.h3 Ra1 40.Kf3 Rd1 41.Rc3 Rd2 42.Ra3 Rh2 43.d4 Rxh3
44.Kg2 g4 45.Ra5 h4 46.gxh4 Rxh4 47.Kg3 Rh5 48.Ra8 Rd5  0-1

[Event "Bela Crkva op"]
[Site "Bela Crkva"]
[Date "1990.??.??"]
[Round "9"]
[White "Ilinsky, Vladimir"]
[Black "Barbero, Gerardo F"]
[Result "1-0"]
[WhiteElo "2350"]
[BlackElo "2450"]

1.Nf3 Nf6 2.c4 e6 3.g3 b6 4.Bg2 Bb7 5.O-O c5 6.b3 d5 7.Bb2 Be7 8.e3 Nbd7
9.d3 O-O 10.Nc3 a6 11.Qe2 Qc7 12.Rac1 Bc6 13.cxd5 Nxd5 14.Rfd1 Qb7 15.Nxd5 Bxd5
16.e4 Bc6 17.Re1 Nf6 18.Ne5 Bb5 19.a4 Be8 20.Ng4 Nxg4 21.Qxg4 g6 22.d4 Bc6
23.d5 Bd7 24.Qf4 g5 25.Qd2 Qb8 26.h4 f6 27.e5 gxh4 28.dxe6 Be8 29.exf6 Bxf6
30.e7 Rf7 31.Bxf6 Rxf6 32.Qd5+  1-0

[Event "Biel op"]
[Site "Biel"]
[Date "1990.??.??"]
[Round "4"]
[White "Cvitan, Ognjen"]
[Black "Foisor, Ovidiu"]
[Result "1/2-1/2"]
[WhiteElo "2515"]
[BlackElo "2395"]

1.Nf3 Nf6 2.c4 c5 3.g3 b6 4.Bg2 Bb7 5.O-O e6 6.Nc3 a6 7.Re1 d6 8.e4 Nbd7
9.d4 cxd4 10.Nxd4 Qc7 11.Nd5 exd5 12.exd5+ Kd8 13.Nc6+ Bxc6 14.dxc6 Nc5 15.b4 Ne6
16.c5 bxc5 17.bxc5 Kc8 18.Rb1 Rb8 19.Rb7 Rxb7 20.cxb7+ Kb8 21.Qa4 Qxc5 22.Qxa6 Qa7
23.Qc6 Qc5 24.Qa4 Qa7 25.Qc4 Qc5 26.Qd3 Qd4 27.Qxd4 Nxd4 28.Be3 Ne6 29.Rb1 Be7
30.Bc6 d5 31.Rb5 Kc7 32.Ba7 Kxc6 33.b8=Q Rxb8 34.Rxb8 d4 35.a4 Nd7 36.Rb1 Bd8
37.Kf1 d3 38.Be3 Ba5 39.Rb5 Bc3 40.Rb3 Ba5 41.Rxd3 Ndc5 42.Bxc5 Nxc5 43.Rf3 Nxa4
44.Rxf7 Bc3  1/2-1/2

[Event "Biel op"]
[Site "Biel"]
[Date "1990.??.??"]
[Round "5"]
[White "Gutman, Lev"]
[Black "Roeder, Mathias"]
[Result "1-0"]
[WhiteElo "2450"]
[BlackElo "2445"]

1.Nf3 Nf6 2.g3 b6 3.Bg2 Bb7 4.O-O e6 5.c4 c5 6.b3 Be7 7.Bb2 O-O 8.e3 d6 9.Qe2 Nbd7
10.d3 Re8 11.Nbd2 a6 12.Ne1 Bxg2 13.Nxg2 b5 14.g4 Nb6 15.g5 Nfd7 16.f4 Bf8
17.Rf3 d5 18.Rh3 g6 19.Qg4 Bg7 20.Bxg7 Kxg7 21.cxd5 Nxd5 22.e4 Ne7 23.Qh4 Nf8
24.Nf3 Qxd3 25.Re1 Ng8 26.Qf2 Rac8 27.f5 exf5 28.Nf4 Qd8 29.exf5 Qd6 30.Rh4 f6
31.Rf1 fxg5 32.Nxg5 Qf6 33.Qg3 Re3 34.Nfe6+ Nxe6 35.Rxh7+  1-0

[Event "Brocco op"]
[Site "Brocco"]
[Date "1990.??.??"]
[Round "6"]
[White "Schwartzman, Gabriel"]
[Black "Summermatter, Daniel"]
[Result "1-0"]
[WhiteElo "2285"]
[BlackElo "2305"]

1.c4 b6 2.Nf3 c5 3.g3 Bb7 4.Bg2 Nf6 5.O-O e6 6.Nc3 d6 7.d4 cxd4 8.Qxd4 a6
9.Be3 Nbd7 10.Ng5 Bxg2 11.Kxg2 Be7 12.Nge4 Qc7 13.Rfd1 Nxe4 14.Nxe4 O-O 15.Rac1 Rfd8
16.Kg1 Qc6 17.b4 Nf8 18.Nc3 Rab8 19.b5 axb5 20.cxb5 Qa8 21.Na4 Qa5 22.Rc7 Bf6
23.Qc4 d5 24.Qb3 Nd7 25.Bd2 Qa8 26.Rdc1 Ne5 27.Nb2 Nc4 28.Bc3 Na5 29.Qa3 d4
30.Bxa5 bxa5 31.Qc5 e5 32.Ra7 Qe4 33.Qc4 Qg6 34.Nd3 h5 35.Rxa5 e4 36.Nf4 Qf5
37.Ra7 Bg5 38.e3 Bxf4 39.exf4 Rdc8 40.Rc7 Rxc7 41.Qxc7 Qxb5 42.a4 Qb3 43.Qd6 d3
44.a5 Ra8 45.a6 Qa4 46.Qd5 Qxa6 47.Qxe4 Rd8 48.Qe7 Qa5 49.Rd1 Qd5 50.Qg5 f5
51.Qxh5 Qe4 52.Qh3 d2 53.Qf1 Qd5 54.Qe2 Kf7 55.Qe3 Kf8 56.Qe2 Kf7 57.h3 Kf8
58.Kh2 Kf7 59.Qe3 Kg8 60.Qc3 Kf7 61.Qe3 Qa2 62.Qc5 Rd5 63.Qc3 Rd7 64.f3 Qd5
65.Kg2 Rd8 66.g4 Kg8 67.Qe3 Kh8 68.Kg3 Kg8 69.g5 Kh7 70.h4 Qd7 71.h5 Qd5
72.Qe7 Kg8 73.g6 Qd3 74.Qf7+ Kh8 75.h6 Qxf3+ 76.Kxf3 Rd3+ 77.Ke2  1-0

[Event "Utasellato IM-B"]
[Site "Budapest"]
[Date "1990.??.??"]
[Round "1"]
[White "Nemeth, Zoltan"]
[Black "Kahn, Evarth"]
[Result "1-0"]
[WhiteElo "2365"]
[BlackElo "2240"]

1.Nf3 Nf6 2.g3 b6 3.Bg2 Bb7 4.c4 c5 5.O-O e6 6.Nc3 Be7 7.d4 cxd4 8.Qxd4 O-O
9.Rd1 Qc8 10.Bg5 Rd8 11.Rac1 d6 12.b3 Bc6 13.Qf4 Nbd7 14.Nd5 exd5 15.cxd5 Nxd5
16.Rxd5 f6 17.Nd4 fxg5 18.Nxc6 gxf4 19.Nxe7+ Kf8 20.Nxc8 Raxc8 21.Rxc8 Rxc8
22.Rxd6 Ke7 23.Rxd7+  1-0

[Event "Budapest Herbstlich"]
[Site "Budapest"]
[Date "1990.??.??"]
[Round "9"]
[White "Stajcic, Nikola"]
[Black "Fominyh, Alexander"]
[Result "0-1"]
[WhiteElo "2400"]
[BlackElo "2530"]

1.c4 Nf6 2.Nf3 c5 3.g3 b6 4.Bg2 Bb7 5.O-O e6 6.Nc3 Be7 7.d4 cxd4 8.Qxd4 d6
9.b3 O-O 10.Ba3 Na6 11.e4 Nc5 12.e5 dxe5 13.Qxd8 Rfxd8 14.Nxe5 Bxg2 15.Kxg2 Bd6
16.Nf3 Nfe4 17.Nxe4 Nxe4 18.Bxd6 Rxd6 19.Rad1 Rad8 20.Rxd6 Rxd6 21.Rc1 Kf8
22.Kf1 Rd3 23.Ne1 Rd2 24.Rc2 Rd1 25.Ke2 Ra1 26.f3 Nd6 27.g4 a5 28.Nd3 Nb7
29.Rd2 Nc5 30.Nxc5 bxc5 31.Kd3 Ke7 32.Rf2 Kd6 33.h4 g6 34.Rh2 h6 35.Ke4 Re1+
36.Kf4 a4 37.Rd2+ Ke7 38.bxa4 Rc1 39.Rb2 Rxc4+ 40.Kg3 Rxa4 41.Rb7+ Kd6 42.Rxf7 Rxa2
43.f4 c4 44.Kf3 c3 45.Ke3 Rg2 46.Rf8 Rxg4 47.h5 gxh5 48.Kd3 Ke7 49.Rh8 Rxf4
50.Rxh6 Rf3+  0-1

[Event "Elekes mem"]
[Site "Budapest"]
[Date "1990.??.??"]
[Round "11"]
[White "Landenbergue, Claude"]
[Black "Csom, Istvan"]
[Result "0-1"]
[WhiteElo "2385"]
[BlackElo "2505"]

1.Nf3 c5 2.c4 b6 3.g3 Bb7 4.Bg2 Nf6 5.O-O e6 6.b3 Be7 7.Nc3 d6 8.d4 cxd4
9.Qxd4 a6 10.Ba3 Nc6 11.Qd2 Qc7 12.Rac1 Na7 13.Rfd1 Rd8 14.Qf4 O-O 15.e4 Qb8
16.Qe3 Nd7 17.Rd2 Rfe8 18.e5 Nc8 19.exd6 Nxd6 20.Qe2 Nxc4 21.Bxe7 Nxd2 22.Bxd8 Nxf3+
23.Bxf3 Bxf3 24.Qxf3 Rxd8 25.Rd1 Nf6 26.Rxd8+ Qxd8 27.b4 Qc8 28.a4 h6 29.b5 axb5
30.axb5 Qc4 31.h3 Nd5 32.Ne4 f5 33.Nd2 Qxb5 34.g4 Qb4 35.Nf1 fxg4 36.hxg4 Qf4
37.Qe2 Kf7 38.Nd2 Nf6 39.f3 Qd4+ 40.Kh2 b5  0-1

[Event "Buenos Aires op"]
[Site "Buenos Aires"]
[Date "1990.??.??"]
[Round "5"]
[White "Giardelli, Sergio C"]
[Black "Schuster, Carlos"]
[Result "1-0"]
[WhiteElo "2450"]
[BlackElo "2320"]

1.Nf3 Nf6 2.g3 b6 3.Bg2 Bb7 4.c4 c5 5.O-O e6 6.Nc3 a6 7.e3 Qc7 8.d4 cxd4
9.exd4 Qxc4 10.Bg5 Qb4 11.a3 Qe7 12.d5 h6 13.Bxf6 Qxf6 14.Qb3 Bc5 15.Rfd1 Ra7
16.Ne4 Qe7 17.Rac1 O-O 18.Nxc5 Bxd5 19.Qxb6 Nc6 20.Nd4 Nxd4 21.Qxa7 Ne2+
22.Kf1 Nxc1 23.Bxd5 exd5 24.Rxc1 Re8 25.Qxd7 Qe2+ 26.Kg1 Re5 27.Qc8+ Kh7
28.Nd7 Re7 29.Nb6 d4 30.Nd5 Re5 31.Nf4 Qxb2 32.Nd3  1-0

[Event "Cannes op2"]
[Site "Cannes"]
[Date "1990.??.??"]
[Round "?"]
[White "Anic, Darko"]
[Black "Pira, Davoud"]
[Result "1-0"]
[WhiteElo "2405"]
[BlackElo "2345"]

1.Nf3 c5 2.g3 e6 3.c4 b6 4.Bg2 Bb7 5.O-O Nf6 6.b3 d6 7.Nc3 a6 8.d4 cxd4 9.Qxd4 Nbd7
10.Rd1 Be7 11.Ba3 Nc5 12.Qe3 Qc7 13.Nd4 Bxg2 14.Kxg2 O-O 15.Qf3 Rac8 16.Rac1 Rfe8
17.Bb2 Bf8 18.h3 Red8 19.Kh2 h6 20.Nc2 Qb8 21.Nd4 Qc7 22.Rd2 Be7 23.Rdc2 Nfd7
24.Qg2 Bf6 25.Rd1 Be7 26.b4 Nb7 27.Rdc1 Bf6 28.Na4 Nf8 29.Qe4 Nd7 30.f4 Re8
31.Nb3 Bxb2 32.Nxb2 Qb8 33.Qd3 Rc7 34.Nd1 Rec8 35.Ne3 Qa8 36.a3 Qa7 37.Qd4 Qb8
38.Qd3 Qa7 39.Kg2 Qa8 40.Kf2 Nf6 41.Kg1 Rd7 42.Qd4 Qa7 43.Kh2 Nd8 44.Ng4 Nxg4+
45.hxg4 Qb7 46.Rd2 Qa7 47.Qe3 Nb7 48.Rc3 Rdc7 49.Rdc2 a5 50.Nd4 axb4 51.axb4 Qa4
52.Nb5 Rc6 53.Nd4 R6c7 54.Nb5 Rc6 55.Nd4 R6c7 56.Nb5 Rd7 57.Rb2 d5 58.Qd2 Qa8
59.Ra2 Qb8 60.Rac2 Nd8 61.cxd5 Rxc3 62.Nxc3 Qd6 63.Qd4 exd5 64.Rd2 Kf8 65.Qxd5 Qxd5
66.Nxd5 Nc6 67.Rd3 b5 68.Kg2 Ne7 69.Nxe7 Rxe7 70.Rd8+ Re8 71.Rxe8+ Kxe8 72.Kf3 Ke7
73.Ke4 Ke6 74.Kd4 Kd6 75.e3 f6 76.e4 g6 77.f5 gxf5 78.gxf5 h5 79.e5+  1-0

[Event "Cannes op"]
[Site "Cannes"]
[Date "1990.??.??"]
[Round "2"]
[White "Dubeck, Michael"]
[Black "Badii, Madjid"]
[Result "1-0"]
[WhiteElo "2090"]
[BlackElo "2275"]

1.Nf3 c5 2.g3 b6 3.Bg2 Bb7 4.O-O Nf6 5.c4 e6 6.b3 Be7 7.Bb2 O-O 8.Nc3 a6
9.e3 d6 10.d3 Nbd7 11.Re1 Qc7 12.e4 Rfd8 13.d4 cxd4 14.Nxd4 Rac8 15.Qe2 Bf8
16.Rad1 g6 17.Qf1 Qb8 18.Re2 Nc5 19.Qe1 e5 20.Nc2 b5 21.cxb5 axb5 22.Nb4 Na6
23.Nbd5 Nxd5 24.Nxd5 Rc5 25.Ba3 Rc6 26.Red2 Ba8 27.Re2 Nc5 28.Bc1 Ne6 29.Be3 Rcc8
30.Bh3 Rc6 31.Qa5 Kg7 32.Ba7 Qc8 33.Qd2 Qa6 34.Be3 Nc5 35.Bg5 Rcc8 36.Bxc8 Qxc8
37.Bh6+ Kh8 38.Bxf8 Rxf8 39.Nb6 Qc6 40.Nxa8 Qxa8 41.Qxd6 Ne6 42.Qxe5+ Kg8
43.Qxb5 Rc8 44.Qe5 h6 45.h4 h5 46.Red2 Qa3 47.Kg2  1-0

[Event "Cannes op"]
[Site "Cannes"]
[Date "1990.??.??"]
[Round "5"]
[White "Jean, Olivier"]
[Black "Delanoy, Arnaud"]
[Result "0-1"]
[WhiteElo "2080"]
[BlackElo "2315"]

1.Nf3 Nf6 2.g3 b6 3.Bg2 Bb7 4.O-O e6 5.c4 c5 6.d4 cxd4 7.Qxd4 Nc6 8.Qf4 d5
9.cxd5 Nxd5 10.Qa4 a6 11.Rd1 b5 12.Qg4 h5 13.Qh3 Qb6 14.Nbd2 Nf6 15.Nb3 Ng4
16.e3 g6 17.Bd2 Bg7 18.Nfd4 Bxd4 19.Nxd4 Nxd4 20.exd4 O-O 21.Bg5 f6 22.Bc1 Rac8
23.Bxb7 Qxb7 24.Qf1 Qf3 25.Rd3 Qf5 26.f3 Nxh2 27.Kxh2 h4 28.g4 Rc2+ 29.Kh3 Qd5
30.b3 Qd6 31.f4 Rfc8 32.Bd2 Qd5  0-1

[Event "Cannes op"]
[Site "Cannes"]
[Date "1990.??.??"]
[Round "8"]
[White "Schwartzman, Gabriel"]
[Black "Eperjesi, Laszlo"]
[Result "1-0"]
[WhiteElo "2300"]
[BlackElo "2365"]

1.c4 Nf6 2.Nf3 c5 3.g3 b6 4.Bg2 Bb7 5.O-O e6 6.Nc3 Be7 7.d4 cxd4 8.Qxd4 d6
9.b3 O-O 10.Rd1 Nbd7 11.e4 Qb8 12.Ba3 Nc5 13.e5 dxe5 14.Qxe5 Qxe5 15.Nxe5 Bxg2
16.Kxg2 Rfc8 17.Nb5 Ne8 18.Nd7 f6 19.Nxc5 Bxc5 20.Bxc5 Rxc5 21.Rd7 a6 22.Nd4 Rc7
23.Rxc7 Nxc7 24.Nc6 Kf8 25.Rd1 Ne8 26.Rd7 e5 27.Rb7 b5 28.c5 Rc8 29.Nb8 Rc7
30.Rb6 Ke7 31.Nxa6 Ra7 32.Nb4  1-0

[Event "JUG-chT Cetinje"]
[Site "Cetinje"]
[Date "1990.??.??"]
[Round "5"]
[White "Vukic, Milan"]
[Black "Rajkovic, Dusan"]
[Result "1-0"]
[WhiteElo "2495"]
[BlackElo "2460"]

1.Nf3 c5 2.c4 Nf6 3.g3 b6 4.Bg2 Bb7 5.O-O e6 6.Nc3 Be7 7.b3 d5 8.e3 O-O 9.Bb2 Nbd7
10.Qe2 Ne4 11.cxd5 exd5 12.d4 Ndf6 13.Rac1 Nxc3 14.Bxc3 Ne4 15.Bb2 a5 16.Rfd1 Qd7
17.Ne5 Qe6 18.dxc5 bxc5 19.Qb5 Rfb8 20.Qd7 a4 21.Qxe6 fxe6 22.Nd7 Rd8 23.Nb6 a3
24.Be5 Ra6 25.Bc7 Rf8 26.Bxe4 dxe4 27.Bd6 Bxd6 28.Rxd6 Bd5 29.Nc8 Rxd6 30.Nxd6 Ra8
31.Nc4 Kf7 32.Nd2 Ra5 33.f3 exf3 34.e4 Bb7 35.Kf2 Kf6 36.Kxf3 Ba6 37.Ke3 h6
38.Nc4 Bxc4 39.Rxc4 Ke5 40.Ra4 Rb5 41.Rxa3 g5 42.h3 h5 43.Ra8 Rb4 44.Ra4 h4
45.Rxb4 cxb4 46.g4  1-0